Statistics for Tasty Foods Tiles Quiz

Click here to take the quiz!

General Stats

  • This quiz has been taken 305 times
  • The average score is 38 of 52

Answer Stats

QuestionTileSelect% Correct
Green VegetablesBroccoliYes
99%
Green VegetablesCarrotNo
99%
Green VegetablesPotatoNo
99%
Green VegetablesTomatoNo
98%
Green VegetablesLettuceYes
97%
Green VegetablesSpinachYes
97%
Green VegetablesEggplantNo
95%
SoupBagelNo
94%
Green VegetablesKaleYes
93%
SoupBreaded CutletNo
91%
European cuisineTakoyakiNo
90%
DessertsCaviarNo
89%
Not AsianAloo ParathaNo
87%
European cuisineChicken BiriyaniNo
87%
Not AsianRamenNo
87%
European cuisineWiener SchnitzelYes
87%
Not AsianSatayNo
85%
SoupMinestroneYes
84%
Not AsianFrankfurterYes
82%
DessertsShepherds PieNo
82%
Not AsianShashlikNo
81%
DessertsGoulashNo
80%
SoupShahi PaneerNo
80%
DessertsAdam PedasNo
79%
DessertsLugawNo
79%
European cuisinePizzaYes
79%
Not AsianPolish BoyYes
77%
DessertsBaked AlaskaYes
75%
European cuisineCornish PastyYes
75%
DessertsAlbaloo PoloNo
74%
European cuisineClam ChowderNo
74%
DessertsKruchenykyNo
71%
European cuisineDolmaNo
69%
European cuisineDumplingsNo
69%
SoupRatatouilleNo
69%
European cuisineFalafelNo
68%
European cuisinePretzelYes
66%
European cuisineKebabNo
64%
Not AsianJambalayaYes
60%
SoupNuomiciNo
60%
Not AsianGallo PintoYes
58%
Not AsianCouscousYes
54%
DessertsSachertorteYes
54%
DessertsGulab JamunYes
49%
SoupCallalooNo
48%
Not AsianWater Chestnut CakeNo
48%
Not AsianFeijoadaYes
35%
DessertsDorayakiYes
34%
Not AsianMoambe ChickenYes
33%
European cuisineLondon BroilNo
30%
SoupAfangYes
29%
DessertsAlfajorYes
23%

Score Distribution

Percentile by Number Answered

Percent of People with Each Score

Your Score History

You have not taken this quiz